00565nam a2200205 a 4500001001300000003000900013005001700022008004100039020001000080082001700090100001800107245006100125260005600186300000900242500003500251650001800286650002200304650001500326700001800341nice12345678IN_TiNIC20260116012524.0050524s1992 sura grp 000 0 eng  ac10000a297.86bALI6 aAli, Muhammad aProphethood in Islam, Translatre of An-Nubuwat Fil Islam aSurrey, UKbMaulana Tufail Memorial Lit Trustc1992 a667p aincludes index and biblioraphy aMuhammad, Ali aIslam-Prophethood aAhmadiyyah1 aAli, Muhammad